LEADER 01123nam a2200277 4500 001 000000358168 003 CaOOAMICUS 005 20240613155114.0 008 240429s1994 it 000 u ita r 020 $a88-308-0562-9 040 $aSeMil$bita 100 1 $aBellet, Maurice,$d<1923-2018>.$0(OLS)http://semarc/name/90451 240 12$aL'eglise morte ou vive.$0(OLS)http://semarc/title/448463 245 13$aLa Chiesa :$bmorta o viva? /$cMaurice Bellet. 264 1$aAssisi :$bCittadella,$c1994. 300 $a218 p. ;$c19 cm 490 1 $aVangelo e vita. Nuova serie 650 4$aEcclesiologia.$0(OLS)http://semarc/subject/42996 830 0$aVangelo e vita. Nuova serie.$0(OLS)http://semarc/title/10554 850 $aSeMil 852 $aSeMil$W1$xVenegono$y1$m2B I 81$j249019$B249285$CSeMilBibl$Z2$F249285 $81 961 $aCitrini don Tullio - Omaggio 996 $6020$a88-308-0562-9$9(OLS)http://semarc/number/300318 996 $6245$aLa Chiesa :$bmorta o viva?$9(OLS)http://semarc/title/448464 996 $6264$aAssisi :$bCittadella$9(OLS)http://semarc/publisher/29661 LEADER 01134nam a2200265 i 4500 001 000000200093 003 CaOOAMICUS 005 20220118084143.0 008 110418s2011 it u000 u ita u 013 $a178791 020 $a978-88-10-41013-4 040 $aSeMil$bita 100 1 $aPaganini, Simone <1972- >.$0(OLS)http://semarc/name/72357 245 10$aQumran le rovine della luna :$bil monastero e gli esseni, una certezza o un'ipotesi? /$cSimone Paganini. 260 $aBologna :$bEDB,$c2011. 300 $a223 p. ;$c21 cm. 490 0 $aStudi biblici ;$v61 650 4$aRotuli del Mar Morto .$0(OLS)http://semarc/subject/1827 830 0$aStudi biblici ;$v61.$0(OLS)http://semarc/title/438659 850 $aSeMil 852 $aSeMil$W1$xVenegono$y1$m2YA V 61$j264422$B150625$CSeMilBibl$Z2$F161964 $81 996 $6020$a978-88-10-41013-4$9(OLS)http://semarc/number/192548 996 $6245$aQumran le rovine della luna :$bil monastero e gli esseni, una certezza o un'ipotesi?$9(OLS)http://semarc/title/289323 996 $6260$aBologna :$bEDB$9(OLS)http://semarc/publisher/29669